Curso elemental de religion para uso de establecimientos de educacion y especialmente las escuelas normales / por el abate C.L.V. Braye ; traducido de la ultima edicion francesa, por el traductor de las instrucciones sobre las principales verdades de la religion, por el Obispo conde de Toul

Detalles Bibliográficos
Autor principal: Braye
Formato: Libro
Lenguaje:Undetermined
Spanish
Publicado: Paris : en la librería de A. Mèzin, 1845.
Materias:
Colección:Banco de datos
Acervo:Biblioteca Palafoxiana. Colección bibliográfica
Descripción Física:427 p. ; 4°
Tema general:Catequética
Notas:Fecha tomada de la aprobación. Número de localización: 41412
LEADER 00783nam a2200169Ia 4500
008 150723s9999 xx 000 0 und d
041 0 |a spa 
050 0 |a PAFX BV1534.2 B7 
100 1 |a Braye 
245 1 0 |a Curso elemental de religion para uso de establecimientos de educacion y especialmente las escuelas normales / por el abate C.L.V. Braye ; traducido de la ultima edicion francesa, por el traductor de las instrucciones sobre las principales verdades de la religion, por el Obispo conde de Toul 
260 |a Paris : en la librería de A. Mèzin, 1845. 
300 |a 427 p. ; 4° 
500 |a Fecha tomada de la aprobación. Número de localización: 41412 
650 1 0 |a Catequética 
942 |c PALALIB 
943 |g Biblioteca Palafoxiana. Colección bibliográfica 
999 |c 1067310  |d 1067310